<?xml version="1.0" encoding="UTF-8"?>
<record
    xmlns:xsi="http://www.w3.org/2001/XMLSchema-instance"
    xsi:schemaLocation="http://www.loc.gov/MARC21/slim http://www.loc.gov/standards/marcxml/schema/MARC21slim.xsd"
    xmlns="http://www.loc.gov/MARC21/slim">

  <leader>01825nam a2200313 a 4500</leader>
  <controlfield tag="001">000025096</controlfield>
  <controlfield tag="003">DO-SdBPM</controlfield>
  <controlfield tag="005">20250826135429.0</controlfield>
  <controlfield tag="007">ta</controlfield>
  <controlfield tag="008">110210s19uu dr a       000 j spa d</controlfield>
  <datafield tag="020" ind1=" " ind2=" ">
    <subfield code="a">9945120018</subfield>
  </datafield>
  <datafield tag="040" ind1=" " ind2=" ">
    <subfield code="a">DO-SdBPM</subfield>
    <subfield code="b">spa</subfield>
    <subfield code="c">BPMSU</subfield>
    <subfield code="e">rda</subfield>
    <subfield code="d"> </subfield>
  </datafield>
  <datafield tag="082" ind1=" " ind2="4">
    <subfield code="a">A863.08</subfield>
    <subfield code="b">C965a </subfield>
    <subfield code="2">22</subfield>
  </datafield>
  <datafield tag="092" ind1=" " ind2=" ">
    <subfield code="a"> </subfield>
  </datafield>
  <datafield tag="245" ind1="0" ind2="0">
    <subfield code="a">Cuentos de Am&#xE9;rica /</subfield>
    <subfield code="b">compilaci&#xF3;n Amado C&#xE9;spedes Mar&#xED;n </subfield>
  </datafield>
  <datafield tag="264" ind1=" " ind2=" ">
    <subfield code="a">Santo Domingo :</subfield>
    <subfield code="b">Susaeta, Ediciones Dominicanas</subfield>
    <subfield code="c">[199--?].</subfield>
  </datafield>
  <datafield tag="300" ind1=" " ind2=" ">
    <subfield code="a">138 p&#xE1;ginas :</subfield>
    <subfield code="b">ilustraciones ;</subfield>
    <subfield code="c">22 cm.</subfield>
  </datafield>
  <datafield tag="336" ind1=" " ind2=" ">
    <subfield code="a">texto</subfield>
    <subfield code="b">txt</subfield>
    <subfield code="2">rdacontent</subfield>
  </datafield>
  <datafield tag="337" ind1=" " ind2=" ">
    <subfield code="a">sin mediaci&#xF3;n </subfield>
    <subfield code="b">n</subfield>
    <subfield code="2">rdamedia </subfield>
  </datafield>
  <datafield tag="338" ind1=" " ind2=" ">
    <subfield code="a">volumen </subfield>
    <subfield code="b">nc</subfield>
    <subfield code="2">rdacarrier </subfield>
  </datafield>
  <datafield tag="490" ind1="0" ind2=" ">
    <subfield code="a">Biblioteca Susaeta</subfield>
  </datafield>
  <datafield tag="505" ind1="0" ind2=" ">
    <subfield code="a">Un elefante ocupa mucha espacio / Elsa Isabel Bornemam -- La pancita del gato / Marta Gim&#xE9;nez Pastor -- El caballo que perdi&#xF3; la cola / Javier Villafa&#xF1;e -- Sombrera / Mar&#xED;a Elena Walsh -- Un loro en el gallinero / Sa&#xFA;l Schrolnik -- El moh&#xE1;n y el pescador / Hernando Garc&#xED;a Mej&#xED;a -- El renacuajo paseador / Rafael Pombo -- Sim&#xF3;n el bobito -- La pobre viejecita -- El gato bandido --Los tres pichones / Onelio Jorge Cardoso -- La mu&#xF1;eca negra / Jos&#xE9; Mart&#xED; -- La palomita verde / Miguel &#xC1;ngel Asturias -- El &#xE1;ngel ca&#xED;do / Amado Nervo -- Juan Dari&#xE9;n / Horacio Quiroga -- El plumaje del m&#xFA;caro / Ricardo E. Alegr&#xED;a -- Cocor&#xED; encuentra una canci&#xF3;n / Joaqu&#xED;n Gutierrez -- Una pregunta sale a rodar tierras -- El mejor de los regalos / Santiago Ag&#xFC;ello -- La madre que envejeci&#xF3; de la noche a la ma&#xF1;ana / Amando C&#xE9;spedes Mar&#xED;n.</subfield>
  </datafield>
  <datafield tag="590" ind1=" " ind2=" ">
    <subfield code="a">Inventariado, 2025/VM</subfield>
  </datafield>
  <datafield tag="650" ind1=" " ind2="7">
    <subfield code="a">Cuentos juveniles  </subfield>
    <subfield code="v">Colecciones </subfield>
  </datafield>
  <datafield tag="650" ind1=" " ind2="7">
    <subfield code="a">Literatura juvenil latinoamericana </subfield>
  </datafield>
  <datafield tag="700" ind1="1" ind2=" ">
    <subfield code="a">Amado C&#xE9;spedes Mar&#xED;n </subfield>
    <subfield code="d">1881-1976</subfield>
    <subfield code="e">compilador </subfield>
  </datafield>
  <datafield tag="910" ind1=" " ind2=" ">
    <subfield code="a">VMateo V. Control de calidad. BPMSU </subfield>
  </datafield>
  <datafield tag="942" ind1=" " ind2=" ">
    <subfield code="2">ddc</subfield>
    <subfield code="c">BK</subfield>
  </datafield>
  <datafield tag="952" ind1=" " ind2=" ">
    <subfield code="0">0</subfield>
    <subfield code="1">0</subfield>
    <subfield code="2">ddc</subfield>
    <subfield code="7">0</subfield>
    <subfield code="8">CJ-D</subfield>
    <subfield code="a">BPMET</subfield>
    <subfield code="b">BPMET</subfield>
    <subfield code="d">2015-01-28</subfield>
    <subfield code="l">0</subfield>
    <subfield code="o">BPMSU CJD A863.08 C965a </subfield>
    <subfield code="p">BPMSU15040822</subfield>
    <subfield code="r">2015-01-28</subfield>
    <subfield code="t"> </subfield>
    <subfield code="w">2015-01-28</subfield>
    <subfield code="y">BK</subfield>
  </datafield>
  <datafield tag="952" ind1=" " ind2=" ">
    <subfield code="0">0</subfield>
    <subfield code="1">0</subfield>
    <subfield code="2">ddc</subfield>
    <subfield code="7">0</subfield>
    <subfield code="8">CD</subfield>
    <subfield code="a">BPMET</subfield>
    <subfield code="b">BPMET</subfield>
    <subfield code="d">2015-03-06</subfield>
    <subfield code="l">0</subfield>
    <subfield code="o">BPMSU CJD A863.08 C965a </subfield>
    <subfield code="p">BPMSU15040823</subfield>
    <subfield code="r">2015-03-06</subfield>
    <subfield code="t">e.2</subfield>
    <subfield code="w">2015-03-06</subfield>
    <subfield code="y">BK</subfield>
  </datafield>
  <datafield tag="999" ind1=" " ind2=" ">
    <subfield code="c">7254</subfield>
    <subfield code="d">7254</subfield>
  </datafield>
</record>
